Zemědělská ekonomika mezinárodní vědecký časopis

Gespeichert in:
Bibliographische Detailangaben
Format: Schriftenreihe
Sprache:Tschechisch
Englisch
Veröffentlicht: Praha Česká akademie zemědělských věd - Ústav zemědělských a potravinářských informací 1997
Schlagworte:
Tags: Tag hinzufügen
Keine Tags, Fügen Sie das erste Tag hinzu!

MARC

LEADER 00000nas2a2200000 4500
001 s121530
005 20221221071937.7
022 |a 0139-570X 
041 0 |a cze 
041 0 |a eng 
044 |a CZ 
245 1 0 |a Zemědělská ekonomika  |b mezinárodní vědecký časopis 
264 1 |a Praha  |b Česká akademie zemědělských věd - Ústav zemědělských a potravinářských informací  |c 1997 
300 |a 2 zv. 
773 0 |w eu_un_cat*s122627 
610 2 0 |a poľnohospodárstvo 
610 2 0 |a politika poľnohospodárska 
610 2 0 |a manažment